INVESTIGATION OF SOME POSSIBILITIES OF PRODUCING TYPE 3 VACCINE POLIOVIRUS WITH GREATER GENETIC STABILITY. I. PRELIMINARY EXPERIMENTS WITH PASSAGE VARIANTS

Bibliographic Details
Main Authors: Tyufanov, A. V. (Author), Krutyanskaya, G. L. (Author), Elbert, L. B. (Author), Chumakov, M. P. (Author), Ralph, N. M. (Author)
Format: Article
Language:English

MARC

LEADER 00000nab a2200000ua 4500
001 vtls010804642
003 SK-MaSNL
005 20260303180811.0
008 230629s1968 xo |||||||||||||||||eng|
035 |a (urnnbn)urn:nbn:sk:snk:ar-a029yg 
035 |a (uuid)8f1c11b2-3a50-4af3-a07f-cfbae93b2c49 
035 |a urn:nbn:sk:snk-ab4ior 
040 |a SNKBUCL  |b slo  |c SNKBUCL  |e AACR2 
041 0 |a eng 
044 |a xo  |c SK 
100 1 |a Tyufanov, A. V.  |4 aut  |9 1207099 
245 1 0 |a INVESTIGATION OF SOME POSSIBILITIES OF PRODUCING TYPE 3 VACCINE POLIOVIRUS WITH GREATER GENETIC STABILITY. I. PRELIMINARY EXPERIMENTS WITH PASSAGE VARIANTS  |c A. V. Tyufanov, G. L. Krutyanskaya, L. B. Elbert, M. P. Chumakov, N. M. Ralph 
700 1 |a Krutyanskaya, G. L.  |4 aut  |9 1207100 
700 1 |a Elbert, L. B.  |4 aut  |9 1207101 
700 1 |a Chumakov, M. P.  |4 aut  |9 1200122 
700 1 |a Ralph, N. M.  |4 aut  |9 1207102 
773 0 |t Acta virologica  |g Roč. 12, č. 3 (1968), s. 193-[202a] 
958 |a OND 
958 |a EUIPO 
958 |a article3 
999 |c 2107721  |d 2109651